| 000 | 00345nam a2200133Ia 4500 | ||
|---|---|---|---|
| 005 | 20251222143131.0 | ||
| 008 | 251222s9999||||xx |||||||||||||| ||spa|| | ||
| 020 | _a84-8063-574-6 | ||
| 082 | _a378.125/M32 | ||
| 100 | _aMayor Ruíz, Cristina | ||
| 245 | 0 | _aEnseñanza y Aprendizaje en la Educación Superior | |
| 264 | _bOctaedro | ||
| 942 | _cLIB | ||
| 999 |
_c11929 _d11929 |
||